000 00321nam a2200121Ia 4500
008 220204s9999 xx 000 0 und d
082 _a631.431
_bMCC
100 _aMccarthy, David F
245 0 _aEssentials of soil mechanics and foundations
260 _aVirginia
_bReston
_c1977
650 _aSoil mechanics
942 _cBK
999 _c25782
_d25782